| 000 | 00833cam a2200217 a 4500 | ||
|---|---|---|---|
| 020 | _a0750650516 | ||
| 082 | 0 | 0 |
_a621.32 _bSIM _cL-01, P.100 |
| 100 | 1 |
_aSimons, R. H. _941484 |
|
| 245 | 1 | 0 |
_aLighting engineering : _bapplied calculations / _cR. H. Simons and A. R. Bean. |
| 260 |
_aOxford : _bArchitectural Press, _c2001. |
||
| 300 |
_aix, 518 p., [1] leaf of plates : _bill. (some col.) ; _c25 cm. |
||
| 526 |
_a0 _b0 _c0 _d621_320000000000000_SIM |
||
| 650 | 0 |
_aElectric lighting. _932173 |
|
| 650 | 0 |
_aLight sources _xMathematical models. _941485 |
|
| 650 | 0 |
_aLighting _xMathematics. _941486 |
|
| 650 | 0 |
_aMathematics _xFormulae. _939423 |
|
| 700 | 1 |
_aBean, A. R. _941487 |
|
| 856 | 4 | 1 | _uhttp://www.loc.gov/catdir/toc/els031/2001270182.html |
| 856 | 4 | 2 | _uhttp://www.loc.gov/catdir/description/els031/2001270182.html |
| 942 |
_2ddc _cBK |
||
| 999 |
_c545583 _d545583 |
||